Score 0/30 Timer 06:00
3 Plays Today
Jumble Answer % Correct
Hills/mountains of Middle-earthDOOM
88.8%
Twentieth-century novelsGREAT GATSBY
87.7%
Twentieth-century novelsBRAVE NEW WORLD
84.2%
Twentieth-century novelsGRAPES OF WRATH
83.8%
'Harry Potter' wand materialsUNICORN HAIR
82.2%
Twentieth-century novelsSOPHIE'S CHOICE
81.4%
Famous playwrightsBECKETT
79%
'Harry Potter' wand materialsHOLLY
77.5%
Hills/mountains of Middle-earthWHITE
75.7%
Twentieth-century novelsLOLITA
74.5%
Nineteenth-century authorsDICKENS
68.4%
Nineteenth-century authorsMELVILLE
65.5%
Nineteenth-century authorsHAWTHORNE
65.3%
'Harry Potter' wand materialsPHOENIX FEATHER
60.9%
'Harry Potter' wand materialsELDER
57.9%
Jumble Answer % Correct
Famous playwrightsCHEKHOV
56.2%
Hills/mountains of Middle-earthMISTY
55%
Famous playwrightsIBSEN
51%
Famous playwrightsMARLOWE
49.1%
Keats' odesGRECIAN URN
45.7%
Nineteenth-century authorsCARROLL
44.7%
Keats' odesPSYCHE
40.6%
'Harry Potter' wand materialsDRAGON HEARTSTRING
40.3%
Hills/mountains of Middle-earthLONELY
32.7%
Hills/mountains of Middle-earthWEATHERTOP
26.4%
Keats' odesNIGHTINGALE
22.8%
Nineteenth-century authorsFLAUBERT
20.7%
Famous playwrightsSARTRE
17.7%
Keats' odesMELANCHOLY
11.5%
Keats' odesINDOLENCE
4.6%

You're not logged in!

Compare scores with friends on all Sporcle quizzes.
OR
Log In

Sporcle TV

Today on Sporcle TV


Watch our educational content, quiz creation guides, and fun videos on Sporcle TV.

Show Comments

Extras

Top Quizzes Today


Score Distribution

Paid Content

Your Account Isn't Verified!

In order to create a playlist on Sporcle, you need to verify the email address you used during registration. Go to your Sporcle Settings to finish the process.

Report this User

Report this user for behavior that violates our Community Guidelines.

Details: